Marketing communication of organic food

Gespeichert in:
Bibliographische Detailangaben
1. Verfasser: Lacková, Alica
Format: Buchkapitel
Sprache:Englisch
Schlagworte:
Tags: Tag hinzufügen
Keine Tags, Fügen Sie das erste Tag hinzu!

MARC

LEADER 00000nla a2200000 4500
001 0206181
005 20240502083516.4
041 0 |a eng 
044 |a UA 
245 1 0 |a Marketing communication of organic food  |c Alica Lacková 
500 |a Abstrakt 
610 2 0 |a marketing 
610 2 0 |a komunikácia marketingová 
610 2 0 |a potraviny 
610 2 0 |a biopotraviny 
610 2 0 |a bioprodukty 
100 1 |a Lacková, Alica